| 000 | 00977cam a22002175a 4500 | ||
|---|---|---|---|
| 001 | L159391 | ||
| 008 | 170127s2016 xxk f 000 0 eng d | ||
| 020 | _a9781784900847 | ||
| 035 | _a(Sirsi) u159391 | ||
| 041 | 0 | _aeng | |
| 110 | 2 |
_aBritish Retail Consortium _91582 |
|
| 245 | 0 | 0 |
_aRetail 2020 _bSolutions - the journey to better jobs _h[electronic resource] |
| 260 |
_aLondon _bBRC _c2016 |
||
| 520 | _aThird in a series of three reports looking at the future of the retail industry in the UK. Explores the journey ahead for the retail employment sector with a shared industry vision of better jobs which are more productive, higher-paid, fit for the future and more rewarding for the retail workforce. | ||
| 590 | _aKA | ||
| 650 | 2 | 4 | _aRETAIL |
| 651 | 4 |
_aUnited Kingdom _y |
|
| 690 |
_aCommercial property _96227 |
||
| 856 | 4 | 0 |
_uhttps://brc.org.uk/making-a-difference/priorities/retail-2020 _zView the item free of charge from the www.brc.org.uk website. |
| 942 | _n0 | ||
| 999 |
_c115859 _d115859 |
||